Detalles MARC
| 000 -LIDER |
| fixed length control field |
01109nam a2200337 a 4500 |
| 001 - NÚMERO DE CONTROL |
| Identificador de número de control |
000010362 |
| 003 - IDENTIFICACDOR DE NÚMERO DE CONTROL |
| control field |
DO-SdBNP |
| 005 - DATE AND TIME OF LATEST TRANSACTION |
| control field |
20180213133002.0 |
| 007 - CAMPOS FIJOS DE DESCRIPCIÓN FÍSICA |
| fixed length control field |
000010362 |
| 008 - ELEMENTOS DE LONGITUD FIJA |
| fixed length control field |
091006s1985 dr a 000 p spa d |
| 040 ## - FUENTE DE CATALOGACIÓN |
| Agencia que crea de manera original el registro |
BPMET |
| Idioma de catalogación |
spa |
| Agencia que realiza la transcripción |
BPMET |
| 092 ## - LOCALLY ASSIGNED DEWEY DECIMAL CALL NUMBER |
| Número de clasificación |
RD861.44 |
| Número de ítem (Cutter) |
G261m |
| 100 1# - ASIENTO PRINCIPAL -- NOMBRE PERSONAL |
| Nombre personal |
Gatón Arce, Freddy, |
| Fechas asociadas con el nombre |
1920- |
| 245 10 - MENCIÓN DE TITULO |
| Título |
Mirando el lagarto verde / |
| Mención de responsabilidad |
Freddy Gatón Arce. |
| 260 ## - PUBLICACIÓN, DISTRIBUCIÓN, ETC. (PIE DE IMPRENTA) |
| Lugar de publicación, distribución, etc |
Santo Domingo : |
| Nombre del editor, distribuidor, etc. |
Taller, |
| Fecha de publicación, distribución, etc |
1985. |
| 300 ## - DESCRIPCIÓN FÍSICA |
| Extensión |
69 p. : |
| Otros detalles físicos |
il. ; |
| Dimensiones |
19 cm. |
| 490 ## - MENCIÓN DE SERIES |
| Mención de serie |
La poesía sorprendida |
| 500 ## - NOTA GENERAL |
| Nota general |
Incluye datos biográficos del autor (p. 67-68). |
| 650 #4 - ENCABEZAMIENTO DE MATERIA--TEMÁTICO |
| Término temático o nombre geográfico como elemento de entrada |
POESÍA DOMINICANA |
| 650 #4 - ENCABEZAMIENTO DE MATERIA--TEMÁTICO |
| Término temático o nombre geográfico como elemento de entrada |
LITERATURA DOMINICANA |
| 830 ## - ASIENTO SECUNDARIO DE SERIE--TÍTULO UNIFORME |
| Nombre de la parte o sección de una obra |
La poesía sorprendida |
| 910 ## - VALIDACIÓN |
| Validación |
Validado. Control de calidad BNPHU |
| 930 #1 - EQUIVALENCE OR CROSS-REFERENCE-UNIFORM TITLE HEADING [LOCAL, CANADA] |
| Language of a work |
BND01 |
| Medium of performance for music |
LF1 |
| Medium |
RD861.44 |
| Field link and sequence number |
20091006 |
| Date of a work |
01 |
| Name of part/section of a work |
CT |
| Miscellaneous information |
5487 |
| 942 ## - ADDED ENTRY ELEMENTS (KOHA) |
| Source of classification or shelving scheme |
Dewey Decimal Classification |
| Koha item type |
Libros |
| 945 ## - INFORMACIÓN DE PROCESAMIENTO LOCAL |
| Información de procesamiento local |
Inventariado, 2018/ YL |
| 956 ## - LOCAL ELECTRONIC LOCATION AND ACCESS (OCLC) |
| Nombre de host |
NMORDAN |
| Número de acceso |
10 |
| Información de compresión |
20091007 |
| Inicio de sesión |
BND01 |
| Procesador de solicitud |
1118 |
| 956 ## - LOCAL ELECTRONIC LOCATION AND ACCESS (OCLC) |
| Nombre de host |
DGARCIA |
| Número de acceso |
10 |
| Información de compresión |
20091008 |
| Inicio de sesión |
BND01 |
| Procesador de solicitud |
0809 |
| 956 ## - LOCAL ELECTRONIC LOCATION AND ACCESS (OCLC) |
| Nombre de host |
MFILETO |
| Número de acceso |
10 |
| Información de compresión |
20091008 |
| Inicio de sesión |
BND01 |
| Procesador de solicitud |
1457 |
| 956 ## - LOCAL ELECTRONIC LOCATION AND ACCESS (OCLC) |
| Nombre de host |
MMOLINA |
| Número de acceso |
40 |
| Información de compresión |
20091013 |
| Inicio de sesión |
BND01 |
| Procesador de solicitud |
0912 |
| 956 ## - LOCAL ELECTRONIC LOCATION AND ACCESS (OCLC) |
| Nombre de host |
VMATEO |
| Número de acceso |
10 |
| Información de compresión |
20150903 |
| Inicio de sesión |
BPMSU |
| Procesador de solicitud |
00151 |